000 00672nam a2200205 a 4500
001 000019243
005 20200929165947.0
008 100528s1973 ve r 000 p spa d
040 _aDO-SdBNP
_bspa
_cBNPHU
082 _aV861.44
_bM696r
100 1 _aMogollón, Juán Ángel
_941407
245 1 0 _aRegreso de los sueños /
_cJuán Ángel Mogollón.
260 _aCaracas :
_bMonte Ávila Editores,
_c1973.
300 _a146 p. ;
_c16 cm.
490 1 _aBiblioteca popular el dorado ;
_vno.92
650 4 _aPoesía venezolana
_ySIGLO XX
_941408
650 4 _aLiteratura venezolana
_ySIGLO XX
_99777
830 0 _aBiblioteca popular el dorado ;
_nno.92
_941409
049 _aBNGR
999 _c18761
_d18761